000 00715nam a2200289Ia 4500
005 20260324141417.0
008 008 260324s9999 xx 000 0 eng d
020 _a9780429440205
037 _aEBOOK
040 _aCRL
040 _beng
040 _cCRL
041 _2eng
041 _aeng
084 _qCRL
100 _aRichard Williams
_91208088
245 4 _aThe Contentious Crown
245 0 _bPublic Discussion of the British Monarchy in the Reign of Queen Victoria
260 _bTaylor and Francis
260 _c1997
365 _a
365 _b170
856 _uhttp://www.taylorfrancis.com/books/9780429440205
942 _cEBOOK
999 _c1811158
_d1811158